RAJNAITIK TATWA ARU RAJNITI BIGYANAR MULDHARONASAMUH (Record no. 3565)
[ view plain ]
| 000 -LEADER | |
|---|---|
| fixed length control field | 00463cam a2200181ua 4500 |
| 008 - FIXED-LENGTH DATA ELEMENTS--GENERAL INFORMATION | |
| fixed length control field | 160516n1989 II |||gr||||Z||||||asm |
| 040 ## - CATALOGING SOURCE | |
| Original cataloging agency | MAIN |
| 041 ## - LANGUAGE CODE | |
| -- | English |
| 082 ## - DEWEY DECIMAL CLASSIFICATION NUMBER | |
| Classification number | 320.011 BAR |
| 100 ## - MAIN ENTRY--PERSONAL NAME | |
| Personal name | BARUAH, APURBA KUMAR., |
| Relator term | AUT. |
| 245 ## - TITLE STATEMENT | |
| Title | RAJNAITIK TATWA ARU RAJNITI BIGYANAR MULDHARONASAMUH |
| 250 ## - EDITION STATEMENT | |
| Edition statement | 4TH. |
| 260 ## - PUBLICATION, DISTRIBUTION, ETC. | |
| Place of publication, distribution, etc. | GUWAHATI |
| Name of publisher, distributor, etc. | PURBANCHAL PRAKASH |
| Date of publication, distribution, etc. | 1989 |
| 300 ## - PHYSICAL DESCRIPTION | |
| Extent | 252.: |
| Dimensions | 18CM. |
| 942 ## - ADDED ENTRY ELEMENTS (KOHA) | |
| Koha item type | Books |
| 653 ## - INDEX TERM--UNCONTROLLED | |
| Uncontrolled term | Political Theories |
| Withdrawn status | Lost status | Damaged status | Not for loan | Collection code | Home library | Current library | Shelving location | Date acquired | Full call number | Barcode | Date last seen | Copy number | Price effective from | Koha item type | Public note |
|---|---|---|---|---|---|---|---|---|---|---|---|---|---|---|---|
| TBPSC | Central Library and Information Centre Sibsagar Girls College | Central Library and Information Centre Sibsagar Girls College | Political Science Rack | 07.03.1985 | 320.011 BAR | 11670 | 27.02.2020 | 1 | 27.02.2020 | Books | |||||
| Withdrawn | REFPSC | Central Library and Information Centre Sibsagar Girls College | Central Library and Information Centre Sibsagar Girls College | Withdraw items | 07.03.1985 | 320.011 BAR | 11671 | 27.02.2020 | 2 | 27.02.2020 | Books | V | |||
| Withdrawn | REFPSC | Central Library and Information Centre Sibsagar Girls College | Central Library and Information Centre Sibsagar Girls College | Withdraw items | 07.03.1985 | 320.011 BAR | 11672 | 27.02.2020 | 3 | 27.02.2020 | Books | V | |||
| TBPSC | Central Library and Information Centre Sibsagar Girls College | Central Library and Information Centre Sibsagar Girls College | Political Science Rack | 07.03.1985 | 320.011 BAR | 11673 | 27.02.2020 | 4 | 27.02.2020 | Books |